000 00537nam a22001817a 4500
999 _c4008
_d3965
008 200116b ||||| |||| 00| j eng d
020 _a9750706811
041 _atur
050 _aPL248.T863
100 _91323
_aTunç, Ayfer
245 _a Maǧara Arkadaşları : Öykü
_cYayına Hazırlayan : Faruk Duman
250 _a1.Basım
260 _aİstanbul:
_bCanYayınları,
_cKasım 2006
300 _a188 Sayfa
500 _a"Ahmet Tüzün / 2006 / Antalya" notu düşülmüş.
650 0 _9145
_aTürk Edebiyatı
942 _2lcc
_cBK